| 000 | 00703nam a2200205Ka 4500 | ||
|---|---|---|---|
| 001 | 944996 | ||
| 008 | 990209c19981997enk 00 eng d | ||
| 020 | _a0192835254 | ||
| 130 | 0 |
_aBible. _lEnglish. _sAuthorized King James version. _f1997. |
|
| 245 | 1 | 4 |
_aThe bible : _bauthorized King James version / _cwith an introduction and notes by Robert Carroll and Stephen Prickett. |
| 260 |
_aOxford : _bOxford University Press, _c1998, c1997. |
||
| 300 | _a- | ||
| 490 | 0 | _aOxford world's classics | |
| 500 | _aFirst published as a World's classics paperback, 1997. | ||
| 700 | 1 | 0 | _aCarroll, Robert P. |
| 700 | 1 | 0 | _aPrickett, Stephen. |
| 942 |
_2ddc _cBK |
||
| 956 | _aNLS | ||
| 999 |
_c396 _d396 |
||